000 00944nam a22002537a 4500
005 20170123162303.0
010 _aB-209242
020 _c300.00
_a8189461230
035 _aB-209242
037 _bCen Lib/Ret
040 _aDPL
_bUR
082 _a840.8
_bو ه ا
100 _aنسیم احمد راہی
_9108044
245 _aوہاب اشرفی کی تنقید نگاری /
_cنسیم احمد راہی
246 _aWahab ashrafi ki tanqueed nigrani /
_bby Naseem Ahmad Rahi
260 _a دہلی
_bکتابی دنیا
_c2006
270 _a1955, گلی نواب مرزا، موہللہ قبرستان وپپ اینگلو عربک اسکول ترکمان گیٹ
_b دہلی
_e110006
300 _a323p.
_c19cm(Hb)
650 _aاردو ادب
_9108045
650 _aاردو مزمووں
_9108046
650 _aUrdu litarature
_9108047
650 _aUrdu essays
_9528
942 _2ddc
_cUR
_h840.8
_mو ه ا
999 _c106129
_d106129